[Event "FRA-ch TT 1"]
[Site "FRA"]
[Date "2003.05.10"]
[Round "11.1"]
[White "Pinter, Jozsef"]
[Black "Legky, Nikolay A"]
[Result "1/2-1/2"]
[WhiteElo "2562"]
[BlackElo "2507"]
[PlyCount "66"]
[EventDate "2003.01.31"]
[EventType "team"]
[EventRounds "11"]
[EventCountry "FRA"]
[Source "Fruth,M"]
[SourceDate "2003.05.15"]
[WhiteTeam "Bischwiller"]
[BlackTeam "Drancy"]
[WhiteTeamCountry "FRA"]
[BlackTeamCountry "FRA"]

1. d4 d5 2. c4 dxc4 3. Nf3 Nf6 4. e3 e6 5. Bxc4 c5 6. O-O Nc6 7. Nc3 Be7 8. a3
O-O 9. dxc5 Qxd1 10. Rxd1 Bxc5 11. b4 Be7 12. Bb2 a6 13. Bd3 Rd8 14. Rac1 Bd7
15. h3 Be8 16. Ne2 b5 17. Ned4 Nxd4 18. Nxd4 a5 19. Bxb5 Rxd4 20. Bxd4 Bxb5 21.
bxa5 Nd5 22. Bc5 Bf6 23. Bb4 h6 24. Rc5 Ba6 25. e4 Nf4 26. Rc7 Bd4 27. Bc5 Ne2+
28. Kh1 e5 29. Bb6 Nc3 30. Rc1 Na4 31. Rb1 Nc3 32. Rb4 Ne2 33. Rd7 f6 1/2-1/2

[Event "EU-ch 4"]
[Site "Istanbul"]
[Date "2003.05.31"]
[Round "2"]
[White "Dautov, Rustem"]
[Black "Romanishin, Oleg M"]
[Result "1-0"]
[WhiteElo "2611"]
[BlackElo "2558"]
[PlyCount "77"]
[EventDate "2003.05.30"]
[EventType "swiss"]
[EventRounds "13"]
[EventCountry "TUR"]
[Source "Fruth,M"]
[SourceDate "2003.05.15"]

1. d4 d5 2. c4 dxc4 3. Nf3 a6 4. e3 Bg4 5. Bxc4 e6 6. h3 Bh5 7. Nc3 Nc6 8. O-O
Nf6 9. Be2 Bd6 10. b3 O-O 11. Bb2 Qe8 12. Ne5 Bxe2 13. Nxe2 Rd8 14. Qc1 Nb4 15.
a3 Nbd5 16. Qc2 Nh5 17. g4 Nhf6 18. e4 Nb6 19. f4 Nfd7 20. Ng3 f6 21. Nd3 Nb8
22. d5 c6 23. e5 Nxd5 24. exd6 Ne3 25. Qc5 Nxf1 26. Rxf1 b6 27. Qxb6 Rxd6 28.
Qe3 Qf7 29. Nc5 Rfd8 30. b4 a5 31. Bc3 Qa7 32. Re1 axb4 33. Bxb4 Re8 34. Nf5
Rd5 35. Nxe6 c5 36. Bc3 Nc6 37. Qe4 c4+ 38. Kg2 Rd3 39. Qxc4 1-0

[Event "Biel MTO"]
[Site "Biel"]
[Date "2003.??.??"]
[Round "10"]
[White "Riazantsev, Alexander"]
[Black "Karjakin, Sergey"]
[Result "1/2-1/2"]
[WhiteElo "2533"]
[BlackElo "2560"]
[PlyCount "104"]
[EventDate "2003.07.19"]
[EventType "swiss"]
[EventRounds "11"]
[EventCountry "SUI"]
[Source "Fruth,M"]
[SourceDate "2003.05.15"]

1. d4 d5 2. c4 dxc4 3. Nf3 Nf6 4. e3 e6 5. Bxc4 a6 6. O-O c5 7. Bd3 Nc6 8. Nc3
cxd4 9. exd4 Be7 10. Bg5 O-O 11. Rc1 Nd5 12. Nxd5 Bxg5 13. Nxg5 Qxg5 14. Nb6
Rb8 15. Qc2 h6 16. Rfd1 e5 17. Nxc8 Rbxc8 18. dxe5 Qxe5 19. Qc3 Qxc3 20. Rxc3
Nb4 21. Rxc8 Rxc8 22. Be4 Nc6 23. Kf1 Rd8 24. Rc1 Rd2 25. Bxc6 bxc6 26. Rxc6
Rxb2 27. Rxa6 h5 28. g3 g6 29. Kg2 Kf8 30. Ra7 Kg7 31. h3 Kf6 32. Ra6+ Ke5 33.
Ra3 g5 34. Re3+ Kf5 35. a3 g4 36. h4 Ra2 37. Rb3 Kg6 38. Kf1 f5 39. Rb6+ Kg7
40. Rb3 Kg6 41. Rb6+ Kg7 42. Ra6 Rc2 43. Ke1 Rc3 44. a4 Rc4 45. a5 f4 46. Rd6
Re4+ 47. Kd2 Ra4 48. a6 Ra2+ 49. Ke1 Ra1+ 50. Kd2 Ra2+ 51. Ke1 Ra1+ 52. Kd2
Ra2+ 1/2-1/2

[Event "RUS-ch 56"]
[Site "Krasnoyarsk"]
[Date "2003.09.04"]
[Round "2.22"]
[White "Riazantsev, Alexander"]
[Black "Rustemov, Alexander"]
[Result "1/2-1/2"]
[WhiteElo "2533"]
[BlackElo "2604"]
[PlyCount "52"]
[EventDate "2003.09.03"]
[EventType "swiss"]
[EventRounds "9"]
[EventCountry "RUS"]
[Source "Fruth,M"]
[SourceDate "2003.05.15"]

1. d4 d5 2. c4 dxc4 3. Nf3 e6 4. e3 a6 5. Bxc4 c5 6. O-O Nf6 7. Bd3 Nbd7 8. Qe2
b6 9. Rd1 Bb7 10. Nbd2 Qc7 11. a4 Nd5 12. Nc4 Nb4 13. Bb1 Rc8 14. b3 Be7 15.
Bb2 O-O 16. Nfe5 Nxe5 17. Nxe5 Bd6 18. Qh5 f5 19. Nc4 Bd5 20. Bd3 Be7 21. dxc5
Bxc5 22. Bf1 Rfd8 23. Rac1 a5 24. Qg5 h6 25. Qg6 Qf7 26. Qg3 Nc6 1/2-1/2

[Event "CRO-ch TT"]
[Site "Rabac"]
[Date "2003.09.13"]
[Round "7"]
[White "Gyimesi, Zoltan"]
[Black "Stevic, Hrvoje"]
[Result "1-0"]
[WhiteElo "2553"]
[BlackElo "2557"]
[PlyCount "85"]
[EventDate "2003.09.07"]
[EventType "team"]
[EventRounds "9"]
[EventCountry "CRO"]
[Source "Fruth,M"]
[SourceDate "2003.05.15"]

1. d4 d5 2. c4 dxc4 3. Nf3 Nf6 4. e3 e6 5. Bxc4 c5 6. O-O a6 7. dxc5 Qxd1 8.
Rxd1 Bxc5 9. Nbd2 Nbd7 10. Be2 b6 11. Nb3 Be7 12. Nfd4 Bb7 13. f3 O-O 14. e4
Rac8 15. Be3 Rfd8 16. Rac1 Kf8 17. Kf2 Nc5 18. Nxc5 Bxc5 19. a3 a5 20. Nb5 Rxd1
21. Rxd1 Ke7 22. Bxc5+ Rxc5 23. Nc3 Nd7 24. Ke3 e5 25. Bb5 Nf8 26. Rd3 Bc6 27.
Bxc6 Rxc6 28. Nd5+ Ke6 29. g3 g5 30. b4 axb4 31. axb4 Nd7 32. g4 Rc2 33. h3 Rc6
34. Ra3 Nf6 35. b5 Rc5 36. Nxb6 Rxb5 37. Ra6 Ke7 38. Nc8+ Kd7 39. Rxf6 Kxc8 40.
Rxf7 Rb7 41. Rf5 Rb3+ 42. Kf2 Rb2+ 43. Kg3 1-0

[Event "SLO-chT"]
[Site "Celje"]
[Date "2003.11.17"]
[Round "1"]
[White "Cvitan, Ognjen"]
[Black "Stevic, Hrvoje"]
[Result "1/2-1/2"]
[WhiteElo "2516"]
[BlackElo "2555"]
[PlyCount "38"]
[EventDate "2003.11.17"]
[EventType "swiss"]
[EventRounds "9"]
[EventCountry "CRO"]
[Source "ChessBase"]
[SourceDate "2004.11.11"]

1. d4 d5 2. c4 dxc4 3. Nf3 Nf6 4. e3 e6 5. Bxc4 c5 6. O-O a6 7. Bb3 cxd4 8.
exd4 Nc6 9. Nc3 Be7 10. Re1 O-O 11. a3 b5 12. d5 exd5 13. Nxd5 Nxd5 14. Qxd5
Bb7 15. Qh5 Qd3 16. Ba2 Qg6 17. Qxg6 hxg6 18. Bg5 Bf6 19. Bxf6 gxf6 1/2-1/2

[Event "SLO-chT"]
[Site "Celje"]
[Date "2003.11.21"]
[Round "7"]
[White "Ruck, Robert"]
[Black "Stevic, Hrvoje"]
[Result "1/2-1/2"]
[WhiteElo "2551"]
[BlackElo "2555"]
[PlyCount "48"]
[EventDate "2003.11.17"]
[EventType "swiss"]
[EventRounds "9"]
[EventCountry "CRO"]
[Source "ChessBase"]
[SourceDate "2004.11.11"]

1. d4 d5 2. c4 dxc4 3. Nf3 Nf6 4. e3 e6 5. Bxc4 c5 6. O-O Nc6 7. Qe2 cxd4 8.
Rd1 Be7 9. Nc3 O-O 10. Nxd4 Nxd4 11. exd4 Bd7 12. d5 exd5 13. Nxd5 Nxd5 14.
Rxd5 Bf6 15. Qd3 Be6 16. Rxd8 Rfxd8 17. Qc2 Rac8 18. Be3 Rxc4 19. Qe2 Rb4 20.
Rd1 Rxd1+ 21. Qxd1 Rxb2 22. h3 Rxa2 23. Qd6 h6 24. Bxa7 b5 1/2-1/2

[Event "Noyabrsk Fakel Jamala"]
[Site "Noyabrsk"]
[Date "2003.11.23"]
[Round "6"]
[White "Potapov, Alexander1"]
[Black "Yakovich, Yuri"]
[Result "1/2-1/2"]
[WhiteElo "2513"]
[BlackElo "2573"]
[PlyCount "23"]
[EventDate "2003.11.18"]
[EventType "tourn"]
[EventRounds "11"]
[EventCountry "RUS"]
[EventCategory "10"]
[Source "ChessBase"]
[SourceDate "2004.03.30"]

1. d4 d5 2. c4 dxc4 3. Nf3 Nf6 4. e3 e6 5. Bxc4 c5 6. O-O a6 7. dxc5 Qxd1 8.
Rxd1 Bxc5 9. a3 O-O 10. Be2 Nbd7 11. b4 Be7 12. Bb2 1/2-1/2

[Event "RUS-UKR m g/3"]
[Site "bereg.ru Int"]
[Date "2003.12.14"]
[Round "13"]
[White "Riazantsev, Alexander"]
[Black "Zubov, Alexander"]
[Result "1-0"]
[WhiteElo "2572"]
[BlackElo "2521"]
[PlyCount "167"]
[EventDate "2003.12.14"]
[EventType "schev (blitz)"]
[EventRounds "16"]
[Source "ChessBase"]
[SourceDate "2004.11.11"]

1. d4 d5 2. c4 dxc4 3. Nf3 a6 4. e3 e6 5. Bxc4 Nf6 6. O-O c5 7. Bd3 b6 8. e4
cxd4 9. e5 Nd5 10. Nbd2 Nc6 11. Ne4 h6 12. a4 Be7 13. Qe2 Ndb4 14. Bb1 d3 15.
Qe3 Bb7 16. Rd1 O-O 17. Bxd3 Nxd3 18. Rxd3 Qc7 19. Qf4 Rfd8 20. Rxd8+ Rxd8 21.
Be3 Rd5 22. Nc3 Rd7 23. Qg3 Kf8 24. Rc1 Qd8 25. h3 Nb4 26. Rf1 Nd3 27. b3 Bxf3
28. Qxf3 Nxe5 29. Qe4 Nd3 30. Qh7 Bf6 31. Ne4 Ne5 32. Nxf6 gxf6 33. Qxh6+ Ke7
34. Qh4 Nd3 35. Qc4 a5 36. Qb5 Rd6 37. Rd1 Qd7 38. Qa6 f5 39. Qa8 f4 40. Bc1 e5
41. Ba3 Nc5 42. Re1 f6 43. Qh8 Qe8 44. Qg7+ Qf7 45. Qg4 Qxb3 46. Bxc5 bxc5 47.
Qxf4 Rd1 48. Qe4 Rxe1+ 49. Qxe1 Qxa4 50. Qd2 Qb4 51. Qd5 a4 52. Qa8 Ke6 53. Qa7
a3 54. Qa6+ Kd5 55. Qd3+ Kc6 56. Qa6+ Kd7 57. Qa7+ Kc8 58. Qa8+ Kc7 59. Qa7+
Kc6 60. Qa6+ Kd5 61. Qd3+ Ke6 62. Qa6+ Kf7 63. Qa7+ Kg6 64. Qa8 Qb1+ 65. Kh2 a2
66. Qg8+ Kh6 67. Qh8+ Kg6 68. Qg8+ Kh6 69. Qh8+ Qh7 70. Qf8+ Qg7 71. Qa8 Qc7
72. Qxa2 e4+ 73. g3 c4 74. Qd2+ Kg6 75. Qc2 c3 76. Kg2 Qc6 77. f3 f5 78. fxe4
Qxe4+ 79. Qxe4 fxe4 80. Kf2 c2 81. Ke2 c1=Q 82. Kf2 Qc2+ 83. Kf1 e3 84. Kg1 1-0

[Event "Nova Gorica HIT op 9th"]
[Site "Nova Gorica"]
[Date "2004.02.02"]
[Round "6"]
[White "Kozul, Zdenko"]
[Black "Kveinys, Aloyzas"]
[Result "1-0"]
[WhiteElo "2605"]
[BlackElo "2511"]
[PlyCount "99"]
[EventDate "2004.01.30"]
[EventType "swiss"]
[EventRounds "9"]
[EventCountry "SLO"]
[Source "ChessBase"]
[SourceDate "2004.03.10"]

1. d4 d5 2. c4 dxc4 3. Nf3 Nf6 4. e3 e6 5. Bxc4 c5 6. O-O a6 7. dxc5 Bxc5 8.
Qxd8+ Kxd8 9. Be2 Ke7 10. b3 Nbd7 11. Bb2 b6 12. Ne1 Bb7 13. Nd3 Bd6 14. Nd2 b5
15. Rfc1 Rhc8 16. Bf3 Bxf3 17. Nxf3 Nc5 18. Nxc5 Rxc5 19. Rxc5 Bxc5 20. Rc1 Bd6
21. h3 Ne8 22. e4 f6 23. e5 fxe5 24. Nxe5 Nf6 25. Nf3 h6 26. g3 Kd7 27. Ne5+
Ke7 28. Kg2 Nd5 29. Nc6+ Kd7 30. Bxg7 h5 31. Bd4 a5 32. Ne5+ Bxe5 33. Bxe5 a4
34. g4 hxg4 35. hxg4 axb3 36. axb3 Ra3 37. Rb1 Ke7 38. Rh1 Rxb3 39. Rh7+ Ke8
40. Rh6 Kd7 41. g5 Rb4 42. g6 Rg4+ 43. Kh3 Rg5 44. Rh7+ Kc6 45. g7 Rg6 46. Rh8
Ne7 47. Re8 Kd7 48. Rb8 Nc6 49. Rb7+ Ke8 50. Bf6 1-0

[Event "Nova Gorica HIT op 9th"]
[Site "Nova Gorica"]
[Date "2004.02.04"]
[Round "8"]
[White "Kozul, Zdenko"]
[Black "Gyimesi, Zoltan"]
[Result "1/2-1/2"]
[WhiteElo "2605"]
[BlackElo "2553"]
[PlyCount "57"]
[EventDate "2004.01.30"]
[EventType "swiss"]
[EventRounds "9"]
[EventCountry "SLO"]
[Source "ChessBase"]
[SourceDate "2004.03.10"]

1. d4 d5 2. c4 dxc4 3. Nf3 Nf6 4. e3 e6 5. Bxc4 c5 6. O-O a6 7. dxc5 Bxc5 8.
Qxd8+ Kxd8 9. Be2 Ke7 10. Bd2 Nbd7 11. Bc3 b5 12. Nbd2 Bd6 13. a4 b4 14. Bxf6+
gxf6 15. Nd4 Bb7 16. Rfc1 Rhc8 17. Nc4 Be5 18. Bf3 Bxf3 19. Nxf3 Rab8 20. Kf1
Bc3 21. Nfd2 Ne5 22. Nxe5 Bxe5 23. Nc4 Bc3 24. bxc3 Rxc4 25. cxb4 Rbxb4 26.
Rxc4 Rxc4 27. a5 f5 28. g3 Kf6 29. Kg2 1/2-1/2

[Event "CZE-ch"]
[Site "Karlovy Vary"]
[Date "2004.02.21"]
[Round "5"]
[White "Babula, Vlastimil"]
[Black "Jirovsky, Milos"]
[Result "1/2-1/2"]
[WhiteElo "2594"]
[BlackElo "2526"]
[PlyCount "44"]
[EventDate "2004.02.17"]
[EventType "tourn"]
[EventRounds "11"]
[EventCountry "CZE"]
[EventCategory "11"]
[Source "ChessBase"]
[SourceDate "2004.06.01"]

1. d4 d5 2. c4 dxc4 3. Nf3 Nf6 4. Nc3 a6 5. e4 b5 6. e5 Nd5 7. a4 e6 8. axb5
Bb4 9. Bd2 Nb6 10. Be2 Bb7 11. bxa6 Rxa6 12. Rxa6 Nxa6 13. O-O O-O 14. Be3 c5
15. Qa1 cxd4 16. Nxd4 Bc5 17. Rd1 Qc7 18. b3 Qxe5 19. bxc4 h6 20. Nc2 Bxe3 21.
Nxe3 Nc5 22. Nb5 Qxa1 1/2-1/2

[Event "Internet Section 06B g/8'+2""]
[Site "Dos Hermanas"]
[Date "2004.03.06"]
[Round "4"]
[White "Grivas, Efstratios"]
[Black "Andersson, Ulf"]
[Result "1-0"]
[WhiteElo "2503"]
[BlackElo "2566"]
[PlyCount "87"]
[EventDate "2004.03.06"]
[EventType "swiss (blitz)"]
[EventRounds "9"]
[EventCountry "ESP"]
[Source "ChessBase"]
[SourceDate "2004.05.04"]

1. d4 d5 2. c4 dxc4 3. Nf3 Nf6 4. e3 e6 5. Bxc4 a6 6. O-O c5 7. a3 b5 8. Ba2
Bb7 9. Qe2 cxd4 10. Rd1 Nc6 11. exd4 Be7 12. Nc3 O-O 13. d5 exd5 14. Nxd5 Nxd5
15. Bxd5 Qc7 16. Be3 Rac8 17. Rac1 Qb8 18. b4 Nd8 19. Ba7 Qxa7 20. Qxe7 Qb8 21.
Rxc8 Qxc8 22. Bxb7 Nxb7 23. h4 Nd8 24. Ng5 Ne6 25. Nxe6 fxe6 26. g3 Re8 27. Qd7
e5 28. Qxc8 Rxc8 29. Rd6 Rc3 30. Rxa6 Kf7 31. Kf1 e4 32. Ke2 Rb3 33. h5 Ke7 34.
h6 gxh6 35. Rxh6 Rxa3 36. Rh5 Rb3 37. Rxb5 Kf6 38. Rb8 h5 39. b5 Ke7 40. b6 Kd7
41. b7 Kc7 42. Rh8 Kxb7 43. Rxh5 Kc6 44. Re5 1-0

[Event "ACP Blitz Prelim4"]
[Site "playchess.com INT"]
[Date "2004.04.15"]
[Round "3"]
[White "Harikrishna, Penteala"]
[Black "Najer, Evgeniy"]
[Result "1/2-1/2"]
[WhiteElo "2599"]
[BlackElo "2606"]
[PlyCount "59"]
[EventDate "2004.04.15"]
[EventType "tourn (blitz)"]
[EventRounds "17"]
[EventCountry "GER"]
[EventCategory "12"]
[Source "ChessBase"]
[SourceDate "2004.05.04"]

1. d4 d5 2. c4 dxc4 3. Nf3 Nf6 4. e3 g6 5. Bxc4 Bg7 6. O-O O-O 7. Nc3 Ne8 8. e4
Bg4 9. Be3 Nc6 10. d5 Bxf3 11. Qxf3 Ne5 12. Qe2 Nxc4 13. Qxc4 Nd6 14. Qd3 f5
15. Bd4 fxe4 16. Nxe4 Bxd4 17. Qxd4 Rf4 18. Rfe1 Qd7 19. g3 Rxe4 20. Rxe4 Nxe4
21. Qxe4 Rd8 22. Rc1 Qd6 23. b3 Rd7 24. Qe6+ Kf8 25. Qe3 a6 26. Rc5 Ke8 27. Qc3
Qf6 28. Rxc7 Qxc3 29. Rxc3 Rxd5 30. Rc7 1/2-1/2

[Event "Beer Sheva g/30'"]
[Site "Beer Sheva"]
[Date "2004.04.18"]
[Round "1"]
[White "Greenfeld, Alon"]
[Black "Kortschnoj, Viktor"]
[Result "1-0"]
[WhiteElo "2551"]
[BlackElo "2579"]
[PlyCount "47"]
[EventDate "2004.04.18"]
[EventType "tourn (rapid)"]
[EventRounds "11"]
[EventCountry "ISR"]
[EventCategory "12"]
[Source "ChessBase"]
[SourceDate "2004.07.27"]

1. d4 d5 2. c4 dxc4 3. Nf3 e6 4. e3 a6 5. Bxc4 b5 6. Bd3 Bb7 7. a4 b4 8. Nbd2
c5 9. O-O Nf6 10. e4 cxd4 11. e5 Nfd7 12. Ne4 Nc5 13. Nxc5 Bxc5 14. Bg5 Qd7 15.
Nd2 h6 16. Ne4 Bxe4 17. Bxe4 Ra7 18. Bf4 Rc7 19. Rc1 Qe7 20. Qg4 g5 21. Bd2 Nd7
22. Bxb4 Nxe5 23. Qg3 Qd6 24. Ba5 1-0

[Event "Zalaegerszeg"]
[Site "Zalaegerszeg"]
[Date "2004.04.28"]
[Round "5"]
[White "Ruck, Robert"]
[Black "Horvath, Adam"]
[Result "1-0"]
[WhiteElo "2556"]
[BlackElo "2517"]
[PlyCount "65"]
[EventDate "2004.04.24"]
[EventType "tourn"]
[EventRounds "9"]
[EventCountry "HUN"]
[EventCategory "13"]
[Source "ChessBase"]
[SourceDate "2004.07.27"]

1. d4 d5 2. c4 dxc4 3. Nf3 Nf6 4. e3 e6 5. Bxc4 a6 6. O-O c5 7. Bb3 b5 8. a4 b4
9. Nbd2 Bb7 10. Nc4 Nbd7 11. a5 Be7 12. Ba4 O-O 13. Qe2 Qc7 14. Bd2 cxd4 15.
Nxd4 Bd5 16. Rfc1 Qb7 17. f3 Rac8 18. Rc2 g6 19. Rac1 e5 20. Nb3 Be6 21. e4 Nc5
22. Nxc5 Bxc5+ 23. Kh1 b3 24. Rc3 Qb4 25. Nb6 Qxa5 26. Nxc8 Bb4 27. Ne7+ Bxe7
28. Bxb3 Bxb3 29. Rxb3 Qa4 30. Rb7 Re8 31. Bc3 Qc6 32. Ra7 Nh5 33. g3 1-0

[Event "Karadjordje Serbia"]
[Site "Topola"]
[Date "2004.05.06"]
[Round "3"]
[White "Goloshchapov, Alexander"]
[Black "Pavasovic, Dusko"]
[Result "1/2-1/2"]
[WhiteElo "2569"]
[BlackElo "2591"]
[PlyCount "91"]
[EventDate "2004.05.04"]
[EventType "tourn"]
[EventRounds "11"]
[EventCountry "YUG"]
[EventCategory "13"]
[Source "ChessBase"]
[SourceDate "2004.07.27"]

1. d4 d5 2. c4 dxc4 3. Nf3 c5 4. e3 cxd4 5. Qxd4 Qxd4 6. Nxd4 Bd7 7. Na3 e5 8.
Ndb5 Na6 9. Bxc4 Bb4+ 10. Ke2 Nf6 11. b3 Bc6 12. Bb2 Nd7 13. Rhd1 Ke7 14. Rac1
f6 15. Bd5 Bxd5 16. Rxd5 Nb6 17. Rdd1 Rhd8 18. f4 exf4 19. exf4 Nd5 20. Kf3 Bc5
21. Bd4 Bxd4 22. Rxd4 Ndb4 23. Re1+ Kf8 24. Re2 Rxd4 25. Nxd4 Nc5 26. Nab5 a6
27. Nc7 Rc8 28. Nce6+ Nxe6 29. Nxe6+ Kf7 30. f5 g6 31. g4 Nd3 32. Rd2 Ne5+ 33.
Ke4 Ke7 34. Nf4 Rc1 35. g5 Re1+ 36. Re2 Rxe2+ 37. Nxe2 Ng4 38. fxg6 hxg6 39.
gxf6+ Nxf6+ 40. Kf4 Nd7 41. Kg5 Ne5 42. h3 Kf7 43. Nd4 Nd3 44. a3 Nf2 45. h4
Nd3 46. b4 1/2-1/2

[Event "George Marx mem 2nd"]
[Site "Paks"]
[Date "2004.06.08"]
[Round "4"]
[White "Acs, Peter"]
[Black "Kortschnoj, Viktor"]
[Result "0-1"]
[WhiteElo "2548"]
[BlackElo "2579"]
[PlyCount "122"]
[EventDate "2004.05.05"]
[EventType "tourn"]
[EventRounds "10"]
[EventCountry "HUN"]
[EventCategory "14"]
[Source "ChessBase"]
[SourceDate "2004.09.23"]

1. d4 d5 2. c4 dxc4 3. Nf3 e6 4. e3 c5 5. Bxc4 Nf6 6. O-O a6 7. Bb3 Nc6 8. Qe2
cxd4 9. Rd1 Be7 10. Nc3 O-O 11. exd4 Na5 12. Bc2 b5 13. Ne4 Bb7 14. Nc5 Bd5 15.
Ne5 Nc6 16. Bg5 Rc8 17. Nxc6 Rxc6 18. b4 Bc4 19. Qf3 Nd5 20. Bxe7 Qxe7 21. a3
Rd6 22. Ne4 Rd7 23. Nc5 Rd6 24. Ne4 Rd7 25. Nc5 Ra7 26. Nb3 Qg5 27. Re1 Qf4 28.
Qh3 h6 29. Re4 Qf6 30. Nc5 Rd8 31. Qg3 Ne7 32. Rd1 Nf5 33. Qf4 Bd5 34. Re2 Nd6
35. Qg3 a5 36. h4 axb4 37. axb4 Kf8 38. h5 Ra2 39. Bd3 Ra3 40. Re3 Qxd4 41. Rb1
Ra1 42. Ree1 Rxb1 43. Rxb1 Ke7 44. Bf1 Ra8 45. Nd3 Ra3 46. Rc1 Bc4 47. Ne5 Rxg3
48. Nc6+ Kf6 49. Nxd4 Rg5 50. Bxc4 bxc4 51. f3 Rxh5 52. Kf2 Rd5 53. Ke3 e5 54.
Nc6 Ke6 55. g4 Rb5 56. f4 f6 57. fxe5 fxe5 58. Rb1 Kd7 59. Na5 Kc7 60. Kd2 Rd5+
61. Kc2 Kb6 0-1

[Event "GRE-chT"]
[Site "Aghia Pelagia"]
[Date "2004.07.07"]
[Round "5"]
[White "Hellsten, Johan"]
[Black "Svetushkin, Dmitry"]
[Result "1/2-1/2"]
[WhiteElo "2557"]
[BlackElo "2546"]
[PlyCount "25"]
[EventDate "2004.07.04"]
[EventType "team"]
[EventRounds "9"]
[EventCountry "GRE"]
[Source "ChessBase"]
[SourceDate "2004.09.01"]

1. d4 d5 2. c4 dxc4 3. Nf3 e6 4. e3 a6 5. Bxc4 c5 6. O-O Nf6 7. dxc5 Qxd1 8.
Rxd1 Bxc5 9. b3 Nbd7 10. Bb2 b6 11. Nbd2 Bb7 12. Be2 O-O 13. Nc4 1/2-1/2

[Event "Davos op"]
[Site "Davos"]
[Date "2004.08.03"]
[Round "4"]
[White "Cebalo, Miso"]
[Black "Horvath, Adam"]
[Result "0-1"]
[WhiteElo "2527"]
[BlackElo "2528"]
[PlyCount "64"]
[EventDate "2004.07.31"]
[EventType "swiss"]
[EventRounds "9"]
[EventCountry "SUI"]
[Source "ChessBase"]
[SourceDate "2004.09.01"]

1. d4 d5 2. c4 dxc4 3. Nf3 Nf6 4. e3 e6 5. Bxc4 a6 6. O-O c5 7. Bb3 b5 8. a4 b4
9. Nbd2 Bb7 10. Nc4 Nbd7 11. a5 Be7 12. Ba4 O-O 13. Qe2 Qc7 14. Bd2 Bd5 15.
Rfc1 Qb7 16. Nfe5 Nxe5 17. dxe5 Bxg2 18. exf6 Bf3 19. Qxf3 Qxf3 20. fxe7 Rfe8
21. Bxe8 Rxe8 22. Bxb4 Qd5 23. Nd6 Qxd6 24. Bxc5 Qc6 25. Rc3 h5 26. Rd1 Qc7 27.
Bb4 Qe5 28. f4 Qf6 29. Rd7 h4 30. Kf2 h3 31. Kg3 Qg6+ 32. Kxh3 f5 0-1

[Event "Abu Dhabi op 14th"]
[Site "Abu Dhabi"]
[Date "2004.08.18"]
[Round "5"]
[White "Bocharov, Dmitry"]
[Black "Kotsur, Pavel"]
[Result "0-1"]
[WhiteElo "2569"]
[BlackElo "2607"]
[PlyCount "100"]
[EventDate "2004.08.14"]
[EventType "swiss"]
[EventRounds "9"]
[EventCountry "UAE"]
[Source "ChessBase"]
[SourceDate "2004.11.11"]

1. d4 d5 2. c4 dxc4 3. Nf3 e6 4. e4 b5 5. a4 c6 6. axb5 cxb5 7. b3 Bb7 8. Nbd2
Bb4 9. bxc4 Bxe4 10. cxb5 Nf6 11. Be2 O-O 12. O-O Bd5 13. Ba3 Bxa3 14. Rxa3
Nbd7 15. Qa1 Qb8 16. Rc1 Ne4 17. Nf1 Nd6 18. Ne3 Qb7 19. Nxd5 exd5 20. Ra6 Nb6
21. Rc6 Rfd8 22. Ne5 f6 23. Ng4 Nbc4 24. Qa2 Kh8 25. Bxc4 Nxc4 26. Rc5 Qe7 27.
h4 Qe1+ 28. Kh2 Qe4 29. f3 Qf4+ 30. Kg1 h5 31. Nh2 Nd2 32. Qa1 Nb3 33. Qb2 Nxc5
34. dxc5 Qe3+ 35. Qf2 Qc1+ 36. Nf1 d4 37. c6 d3 38. Ra2 Rab8 39. Qxa7 Rxb5 40.
Qc7 Qc5+ 41. Kh1 Qb6 42. Qf7 Qxc6 43. Ra7 Rg8 44. Rd7 Qc1 45. Kg1 Qc5+ 46. Kh2
Qe5+ 47. Ng3 d2 48. Qc4 Rc5 49. Qd3 d1=Q 50. Qxd1 Rc4 0-1

[Event "Ismailia Misr 2nd"]
[Site "Ismailia"]
[Date "2004.08.24"]
[Round "10"]
[White "Timoshenko, Georgy"]
[Black "Komarov, Dimitri"]
[Result "1/2-1/2"]
[WhiteElo "2536"]
[BlackElo "2567"]
[PlyCount "26"]
[EventDate "2004.08.16"]
[EventType "tourn"]
[EventRounds "11"]
[EventCountry "EGY"]
[EventCategory "10"]
[Source "ChessBase"]
[SourceDate "2004.11.11"]

1. d4 d5 2. c4 dxc4 3. Nf3 Nf6 4. e3 e6 5. Bxc4 c5 6. O-O a6 7. dxc5 Bxc5 8.
Qxd8+ Kxd8 9. Rd1+ Ke7 10. Nbd2 Nbd7 11. Nb3 b6 12. Bd2 Bb7 13. Rac1 Bd6
1/2-1/2

[Event "Pune"]
[Site "Pune"]
[Date "2004.09.09"]
[Round "6"]
[White "Kunte, Abhijit"]
[Black "Ganguly, Surya Shekhar"]
[Result "1/2-1/2"]
[WhiteElo "2532"]
[BlackElo "2574"]
[PlyCount "26"]
[EventDate "2004.09.03"]
[EventType "tourn"]
[EventRounds "9"]
[EventCountry "IND"]
[EventCategory "16"]
[Source "ChessBase"]
[SourceDate "2005.01.27"]

1. d4 d5 2. c4 dxc4 3. Nf3 Nf6 4. e3 e6 5. Bxc4 c5 6. O-O a6 7. dxc5 Qxd1 8.
Rxd1 Bxc5 9. Nbd2 Nc6 10. Nb3 Be7 11. Nfd4 Nxd4 12. Nxd4 Bd7 13. Be2 Rc8
1/2-1/2

[Event "CRO-ch"]
[Site "Zagreb"]
[Date "2004.11.23"]
[Round "8"]
[White "Kozul, Zdenko"]
[Black "Stevic, Hrvoje"]
[Result "0-1"]
[WhiteElo "2640"]
[BlackElo "2539"]
[PlyCount "194"]
[EventDate "2004.11.16"]
[EventType "tourn"]
[EventRounds "11"]
[EventCountry "CRO"]
[EventCategory "10"]
[Source "ChessBase"]
[SourceDate "2005.04.01"]

1. d4 d5 2. c4 dxc4 3. Nf3 Nf6 4. e3 e6 5. Bxc4 c5 6. O-O a6 7. a3 b5 8. Ba2
Bb7 9. Nc3 Nbd7 10. Re1 Be7 11. e4 cxd4 12. Nxd4 Ne5 13. Bf4 Ng6 14. Bg3 O-O
15. e5 Nd5 16. Bxd5 Bxd5 17. Qg4 Rc8 18. Rad1 Rc4 19. Nxd5 Qxd5 20. b3 Rc3 21.
h4 h5 22. Qxh5 Rxg3 23. fxg3 Bc5 24. Kh1 Bxd4 25. Qg4 Rd8 26. Qg5 Rc8 27. Re2
Be3 28. Rxd5 Bxg5 29. Rd7 Bd8 30. Kh2 Ne7 31. Rf2 Kf8 32. Rd6 a5 33. Rxe6 Nc6
34. h5 Bg5 35. Rg6 Bf6 36. Rgxf6 gxf6 37. exf6 Nd4 38. g4 Ne6 39. Kg3 Rc3+ 40.
Kh4 Rxb3 41. Rf5 Kg8 42. g5 a4 43. Rd5 Rb2 44. g3 b4 45. axb4 a3 46. Ra5 a2 47.
g4 Nf8 48. Ra8 Kh7 49. Ra7 Kg8 50. Ra6 Rh2+ 51. Kg3 Rb2 52. Ra7 Nd7 53. Ra8+
Kh7 54. Ra7 Kg8 55. Ra8+ Kh7 56. Ra7 Kg8 57. Ra8+ Kh7 58. Ra7 Kg8 59. b5 Rxb5
60. Rxa2 Rxg5 61. Ra8+ Kh7 62. Ra7 Rd5 63. Kh4 Ne5 64. Re7 Nf3+ 65. Kg3 Ng5 66.
Kf4 Kh6 67. Re8 Rd4+ 68. Kf5 Rd5+ 69. Kf4 Ne6+ 70. Ke4 Rd4+ 71. Ke5 Rxg4 72.
Rh8+ Kg5 73. Rh7 Nd8 74. Rh8 Ne6 75. Rh7 Nd8 76. Rh8 Nc6+ 77. Kd6 Rc4 78. h6
Kxf6 79. Rg8 Rh4 80. Kxc6 Rxh6 81. Kd5 Rh4 82. Rf8 Rg4 83. Rh8 Kg5 84. Rh1 f5
85. Rf1 Rg3 86. Ke5 Re3+ 87. Kd4 f4 88. Rg1+ Kh4 89. Rg8 Re7 90. Kd3 f3 91. Kd2
f2 92. Rf8 Kg3 93. Rg8+ Kh2 94. Rf8 Kg2 95. Rg8+ Kf1 96. Kd1 Rd7+ 97. Kc2 Rd5
0-1